000
00284 a2200133 4500
999
_c
283727
_d
283727
001
48654
003
NUST
038
_a
Jawad
082
_a
823
100
_a
Kermode, A.C
_9
13915
245
_a
The Wright brothers
260
_a
London
_b
George G Harrap
942
_a
NUST-CAE
_c
BK
_c
BK
_2
ddc